Politics UK 2 - Statistics

General Stats
  • This quiz has been taken 46 times
  • The average score is 4 of 10
Answer Stats
Clue Answer % Correct
Margaret Thatchers middle name? H. Hilda
74%
The Beast of Bolsover, as was (Labour Party). DS. Dennis Skinner
67%
Actress turned MP, Labour Party. GJ. Glenda Jackson
58%
Hong Kong Governor before handover to the Chinese. CP. Chris Patten
53%
'Safe pair of hands', Margaret Thatchers Deputy PM. WW. Willie Whitelaw
40%
Former postman, holding several posts in Blairs government. AJ. Alan Johnson
37%
Former Thatcher Education and Health Secretary, now in the Lords. KB. Kenneth Baker
33%
Once Deputy Leader of the Labour Party, aficionado of Coronation Street. RH. Roy Hattersley
26%
Former tory MP for Chester, 91-97. GB. Gyles Brandreth
16%
Former tory Education Secretary, in Majors' PM-ship. GS. Gillian Shephard
9%
No matching quizzes found
Score Distribution
Percent of People with Each Score
Percentile by Number Answered
Your Score History
You have not taken this quiz